1196 1612 1068 1931 1765 1928 1568 1377 1511 1552 1234 1191 1314 1538 1763 1763 1495 1426 1061 1130 1805 1377 1959 1897 1099 1584 1842 1777 1188 1380 1307 1910 1517 1367 1692 1405 1555 1869 1536 1983 1215 1969 1340 1212 1060 1479 1735 1171 1724 1831 1035 1912 1017 1102 1547 1188 1651 1820 1903 1519 1625 1332 1385 1612 1042 1524 1679 1668 1217 1250 1855 1527 1596 1496 1379 1462 1012 1363 1298 1506 1418 1418 1467 1794 1856 1449 1482 1216 1322 1576 1728 1705 1833 1137 1043 1472 1674 1559 1976 BCNSPRNW ULIB Ver.6.0+V

เปลี่ยนเป็นภาษาไทย

Change to English
 แสดงรายละเอียดบรรณานุกรม
  กลับหน้าหลัก

Brief Record : Get Marc (ISO 2709) : E-mail record : QR code < ปิดหน้าต่าง
LEADER : 00000nam 2200000uu 4500
001    13399122301
003     ULIB
008    130206s2555||||th 000 0 tha d
020    ^a9786161112394 (ล.3)
060 04 ^aWY159^bก492 ล.3
245 00 ^aการพยาบาลเด็ก 3 (ฉบับปรับปรุง) /^cพรทิพย์ ศิริบูรณ์พิพัฒนา, บรรณาธิการ
250    ^aพิมพ์ครั้งที่ 1
260    ^aนนทบุรี :^bโครงการสวัสดิการวิชาการ สถาบันพระบรมราชชนก กระทรวงสาธารณสุข,^c2555
300    ^a448 หน้า :^bภาพประกอบ ;^c26 ซม.
650  4 ^aการพยาบาลกุมารเวชศาสตร์
700 0  ^aพรทิพย์ ศิริบูรณ์พิพัฒนา,^eบรรณาธิการ
710 2  ^aกระทรวงสาธารณสุข
710 2  ^aสถาบันพระบรมราชชนก. ^bโครงการสวัสดิการวิชาการ
945    ^p270^l0^i033479
945    ^p270^l0^i033480
945    ^p270^l0^i033481
945    ^p270^l0^i033482
945    ^p270^l0^i033483
945    ^p270^l0^i033484
945    ^p270^l0^i033485
945    ^p270^l0^i033486
945    ^p270^l0^i033487
945    ^p270^l0^i033488
945    ^p270^l0^i033799
945    ^p270^l0^i033800
945    ^p270^l0^i033801
995    ^aเกษร
999    ^aใช้งานได้ทุกระบบ
รายการนี้ยังไม่มีแท็ก
คุณยังไม่ได้ล็อกอิน คุณสามารถมีกิจกรรมร่วมกับเว็บไซต์ได้ แต่ต้องล็อกอินก่อน ::
  ล็อกอิน

รายการสื่อสารสนเทศ

ลำดับที่ ประเภท เลขเรียก/บาร์โค้ด สถานที่ สถานะ
1. Book การพยาบาล
หนังสือสำรอง
สถานะ=หนังสือสำรอง
WY159 ก492 ล.3 ฉ.1 
  Barcode: 033479
ห้องสมุดวิทยาเขตสวรรค์ประชารักษ์
►ส่วนจัดเก็บหนังสือเก่า สปร
บนชั้น
  ขอยืม
2. Book การพยาบาล
Book การพยาบาล
WY159 ก492 ล.3 ฉ.10 
  Barcode: 033488
ห้องสมุดวิทยาเขตสวรรค์ประชารักษ์
►หนังสือทั่วไป
บนชั้น
3. Book การพยาบาล
Book การพยาบาล
WY159 ก492 ล.3 ฉ.11 
  Barcode: 033799
ห้องสมุดวิทยาเขตสวรรค์ประชารักษ์
►ส่วนจัดเก็บหนังสือเก่า สปร
บนชั้น
  ขอยืม
4. Book การพยาบาล
Book การพยาบาล
WY159 ก492 ล.3 ฉ.12 
  Barcode: 033800
ห้องสมุดวิทยาเขตสวรรค์ประชารักษ์
►ส่วนจัดเก็บหนังสือเก่า สปร
บนชั้น
  ขอยืม
5. Book การพยาบาล
Book การพยาบาล
WY159 ก492 ล.3 ฉ.13 
  Barcode: 033801
ห้องสมุดวิทยาเขตสวรรค์ประชารักษ์
►ส่วนจัดเก็บหนังสือเก่า สปร
บนชั้น
  ขอยืม
6. Book การพยาบาล
Book การพยาบาล
WY159 ก492 ล.3 ฉ.2 
  Barcode: 033480
ห้องสมุดวิทยาเขตสวรรค์ประชารักษ์
►ส่วนจัดเก็บหนังสือเก่า สปร
บนชั้น
  ขอยืม
7. Book การพยาบาล
Book การพยาบาล
WY159 ก492 ล.3 ฉ.3 
  Barcode: 033481
ห้องสมุดวิทยาเขตสวรรค์ประชารักษ์
►ส่วนจัดเก็บหนังสือเก่า สปร
บนชั้น
  ขอยืม
8. Book การพยาบาล
Book การพยาบาล
WY159 ก492 ล.3 ฉ.4 
  Barcode: 033482
ห้องสมุดวิทยาเขตสวรรค์ประชารักษ์
►ส่วนจัดเก็บหนังสือเก่า สปร
บนชั้น
  ขอยืม
9. Book การพยาบาล
Book การพยาบาล
WY159 ก492 ล.3 ฉ.5 
  Barcode: 033483
ห้องสมุดวิทยาเขตสวรรค์ประชารักษ์
►ส่วนจัดเก็บหนังสือเก่า สปร
บนชั้น
  ขอยืม
10. Book การพยาบาล
Book การพยาบาล
WY159 ก492 ล.3 ฉ.6 
  Barcode: 033484
ห้องสมุดวิทยาเขตสวรรค์ประชารักษ์
►ส่วนจัดเก็บหนังสือเก่า สปร
บนชั้น
  ขอยืม
11. Book การพยาบาล
Book การพยาบาล
WY159 ก492 ล.3 ฉ.7 
  Barcode: 033485
ห้องสมุดวิทยาเขตสวรรค์ประชารักษ์
►ส่วนจัดเก็บหนังสือเก่า สปร
บนชั้น
  ขอยืม
12. Book การพยาบาล
Book การพยาบาล
สถานะ=หนังสือเก่า
WY159 ก492 ล.3 ฉ.8 
  Barcode: 033486
ห้องสมุดวิทยาเขตสวรรค์ประชารักษ์
►ส่วนจัดเก็บหนังสือเก่า สปร
บนชั้น
  ขอยืม
13. Book การพยาบาล
Book การพยาบาล
WY159 ก492 ล.3 ฉ.9 
  Barcode: 033487
ห้องสมุดวิทยาเขตสวรรค์ประชารักษ์
►ส่วนจัดเก็บหนังสือเก่า สปร
บนชั้น
  ขอยืม

รายการใกล้เคียง
    หัวเรื่อง [การพยาบาลกุมารเวชศาสตร์]

BibComment


ยังไม่เคยถูกคอมเมนท์

คอมเมนท์ทรัพยากรรายการนี้
  คอมเมนท์: การพยาบาลเด็ก 3 ..


 Copyright 2026. Bcnsprnw @Library